Great Literature #40 - Statistics

General Stats
  • This quiz has been taken 98 times
  • The average score is 9 of 20
Answer Stats
Hint Explanation Answer % Correct
The Kite Runner 2003 Khaled Hosseini
94%
Bridget Jones’s Diary 1996 Helen Fielding
91%
The Silence of the Lambs 1988 Thomas Harris
68%
Thérèse Raquin 1868 Émile Zola
59%
Sandman 1989-2020 Neil Gaiman
57%
The Giver 1993 Lois Lowry
54%
The Country Girls 1960-1964 Edna O’Brien
52%
A Separate Peace 1959 John Knowles
51%
The Alexandria Quartet 1957-1960 Lawrence Durrell
48%
Cyrano de Bergerac 1897 Edmond Rostand
42%
Children of Gebelawi 1959 Naguib Mahfouz
42%
Six Characters in Search of an Author 1921 (Sei personaggi in cerca d'autore) Luigi Pirandello
41%
The White Tiger 2008 Aravind Adiga
36%
Another Country 1962 James Baldwin
36%
Invisible Cities 1972 (Le città invisibili) Italo Calvino
35%
Brown Girl Dreaming 2014 Jacqueline Woodson
26%
Life and Times of Michael K 1983 J. M. Coetzee
25%
Hornblower and the Atropos 1953 C. S. Lewis
23%
The Hour of the Star 1977 (A hora da estrela) Clarice Lispector
20%
Jesus’ Son 1992 Denis Johnson
12%
No matching quizzes found
Score Distribution
Percent of People with Each Score
Percentile by Number Answered
Your Score History
You have not taken this quiz